| 000 | 00430nam a22001577a 4500 | ||
|---|---|---|---|
| 003 | CEME | ||
| 005 | 20210628203100.0 | ||
| 008 | 210118b xxu||||| |||| 00| 0 eng d | ||
| 040 | _cceme | ||
| 082 | _a004 PRO | ||
| 100 |
_aProf Dr. Abdul Hussain Shah Bukhari _963215 |
||
| 245 | _aMation technolgoy and applications , april 21, 22, 2005 | ||
| 260 |
_aQUETTA _bISLAMIC PUBLICATIONS _c2005 |
||
| 300 | _a319 P | ||
| 942 |
_cBK _2ddc |
||
| 999 |
_c572105 _d572105 |
||